[Event "Bundesliga 1985/86"]
[Site "Germany"]
[Date "1985.11.30"]
[Round "3.2"]
[White "Smejkal, Jan"]
[Black "Huenerkopf, Heinz"]
[Result "1/2-1/2"]
[WhiteElo "2565"]
[BlackElo "2320"]
[PlyCount "119"]
[EventDate "1985.11.09"]
[EventType "team-tourn"]
[EventRounds "15"]
[EventCountry "GER"]
[SourceTitle "GER-chT"]
[Source "ChessBase"]
[SourceDate "1999.07.01"]
[SourceVersion "1"]
[SourceVersionDate "1999.07.01"]
[SourceQuality "1"]
[WhiteTeam "Muenchen 36"]
[BlackTeam "Erlangen"]
[WhiteTeamCountry "GER"]
[BlackTeamCountry "GER"]

1. c4 Nf6 2. Nc3 e5 3. Nf3 Nc6 4. g3 Bb4 5. Bg2 0-0 6. Nd5 e4 7. Nh4 Bc5 8. 0-0 Re8 9. d3 exd3 10. Qxd3 Ne5 11. Qc2 c6 12. Be3 cxd5 13. Bxc5 Qc7 14. Bd4 Qxc4 15. Qd2 Ne4 16. Qe3 Ng4 17. Qd3 Ne5 18. Qe3 Ng4 19. Qd3 Ne5 20. b3 Qb4 21. Bxe5 Rxe5 22. Nf3 Re8 23. e3 Nf6 24. Rfc1 Qe4 25. Qd2 Qf5 26. Nd4 Qh5 27. Nb5 d6 28. Nc7 Bg4 29. Nxa8 Rxa8 30. Qd4 Re8 31. Qf4 h6 32. Rc7 Re5 33. Rac1 Rf5 34. Qd4 Ne4 35. f4 Bf3 36. R7c2 Nf6 37. Bxf3 Qxf3 38. Qd3 g6 39. Qe2 Qe4 40. Rd2 Qe6 41. Rd4 Rh5 42. Qf3 Ng4 43. Rc2 Qf5 44. Rcd2 Qb1+ 45. Qf1 Qf5 46. h3 Nf6 47. g4 Nxg4 48. hxg4 Qxg4+ 49. Qg2 Qf5 50. Rd1 Rh4 51. Kf1 Rg4 52. Qf3 Qh5 53. Rxd5 Rg1+ 54. Kxg1 Qxf3 55. R5d2 h5 56. Re1 d5 57. Rf2 Qg3+ 58. Kf1 Qh3+ 59. Ke2 Qf5 60. Rd1 1/2-1/2

[Event "Copenhagen Open-07 (Politiken Cup-06)"]
[Site "Brondby"]
[Date "1985.06.21"]
[Round "9"]
[White "Huenerkopf, Heinz"]
[Black "Nilsson, Nils Specht"]
[Result "1-0"]
[WhiteElo "2305"]
[BlackElo "2200"]
[PlyCount "77"]
[EventDate "1985.06.12"]
[EventType "swiss"]
[EventRounds "10"]
[EventCountry "DEN"]
[SourceTitle "MCD"]
[Source "ChessBase"]
[SourceDate "1999.07.01"]
[SourceVersion "1"]
[SourceVersionDate "1999.07.01"]
[SourceQuality "1"]

1. e4 c5 2. Nf3 d6 3. d4 cxd4 4. Nxd4 Nf6 5. Nc3 a6 6. Bc4 Nbd7 7. 0-0 e6 8. a4 Qa5 9. Be3 Ne5 10. Be2 Qc7 11. a5 Bd7 12. f4 Nc4 13. Bxc4 Qxc4 14. Qf3 Be7 15. Rad1 0-0 16. e5 dxe5 17. fxe5 Nd5 18. Nf5 Bc5 19. Nxd5 exf5 20. b4 Bxe3+ 21. Qxe3 Bc6 22. Ne7+ Kh8 23. Nxf5 Qxc2 24. Qg5 Rg8 25. Rd4 Rae8 26. Rh4 Re6 27. Nd6 Be8 28. Qf5 Qxf5 29. Rxf5 f6 30. Nxb7 Rxe5 31. Rxe5 fxe5 32. Nc5 Bb5 33. Re4 Re8 34. Kf2 Kg8 35. Ke3 Kf7 36. Rg4 g6 37. h4 h6 38. Rg3 Kf6 39. Rf3+ 1-0